000 00528nab a2200145Ia 4500
003 ES-SlBCS
005 20210601140024.0
008 140529s1980 xxu||||| |||| 00| 0 spa d
041 _aspa
100 1 _aSienra, Adolfo G. de la
_9239249
245 0 0 _aElementos para una reconstrucción lógica de la teoría del valor de Marx
_c Adolfo G. de la Sienra
600 1 _aMarx, Karl-Teoría del Valor
_9155749
773 0 _tCritica (Revista Hispano Americana de Filosofia)
_gvol. 12, nº. 35, 1980, págs. 71-96
_wRev1514
942 _cAR
999 _c638063
_d638063